00462nam a2200157Ia 4500008004100000020001800041041000800059082001900067100002100086245009200107260003100199300000900230500001600239650003100255700001800286220803s9999 xx 000 0 und d a81-85419-80-9 aeng a720.47 PAC/BAT aPachauri R K Ed. aDirections Innovations And Strategies for Harnessing Action For Sustainable Development aNew DelhibTeri Pub.c2001 a368p aEnvironment aEnvironmental Architecture aBatra R K Ed.